Tratado de fisiología médica / (Registro nro. 49857)
[ vista simple ]
| 000 -LEADER | |
|---|---|
| fixed length control field | 01289cam a2200325 i 4500 |
| 001 - CONTROL NUMBER | |
| control field | 49857 |
| 003 - CONTROL NUMBER IDENTIFIER | |
| control field | Mx-PuUPA |
| 005 - DATE AND TIME OF LATEST TRANSACTION | |
| control field | 20240410104035.0 |
| 008 - FIXED-LENGTH DATA ELEMENTS--GENERAL INFORMATION | |
| fixed length control field | 140415s2006 sp a fr 000 0 spa d |
| 020 ## - INTERNATIONAL STANDARD BOOK NUMBER | |
| International Standard Book Number | 9788481749267 |
| 040 ## - CATALOGING SOURCE | |
| Original cataloging agency | MX-PuUPA |
| Language of cataloging | spa |
| Description conventions | rda |
| Transcribing agency | Mx-PuUPA |
| Modifying agency | Mx-PuUPA |
| 041 1# - LANGUAGE CODE | |
| Language code of text/sound track or separate title | spa |
| Language code of original | eng |
| 100 1# - MAIN ENTRY--PERSONAL NAME | |
| Personal name | Guyton, Arthur C., |
| Fuller form of name | (Clifton), |
| Dates associated with a name | 1919-2003, |
| Relator term | autor |
| 9 (RLIN) | 7640 |
| 240 10 - UNIFORM TITLE | |
| Uniform title | Textbook of medical physiology. |
| Language of a work | Español |
| 245 10 - TITLE STATEMENT | |
| Title | Tratado de fisiología médica / |
| Statement of responsibility, etc. | Arthur C. Guyton, John E. Hall ; traducción, Gea Consultoría Editorial |
| 250 ## - EDITION STATEMENT | |
| Edition statement | Decimoprimera edición |
| 264 #1 - PRODUCTION, PUBLICATION, DISTRIBUTION, MANUFACTURE, AND COPYRIGHT NOTICE | |
| Place of production, publication, distribution, manufacture | Barcelona, España : |
| Name of producer, publisher, distributor, manufacturer | Elsevier España, |
| Date of production, publication, distribution, manufacture, or copyright notice | 2006 |
| 300 ## - PHYSICAL DESCRIPTION | |
| Extent | xxxv, 1115 páginas : |
| Other physical details | ilustraciones (principalmente color) ; |
| Dimensions | 28 cm. |
| 336 ## - CONTENT TYPE | |
| Content type term | texto |
| Fuente | rdacontent |
| Content type code | txt |
| 337 ## - MEDIA TYPE | |
| Media type term | sin medio |
| Source | rdamedia |
| Media type code | n |
| 338 ## - CARRIER TYPE | |
| Carrier type term | volumen |
| Source | rdacarrier |
| Carrier type code | nc |
| 650 #7 - SUBJECT ADDED ENTRY--TOPICAL TERM | |
| Topical term or geographic name entry element | Fisiología |
| Source of heading or term | armarc |
| 700 1# - ADDED ENTRY--PERSONAL NAME | |
| Personal name | Hall, John E., |
| Relator term | autor |
| 710 2# - ADDED ENTRY--CORPORATE NAME | |
| Corporate name or jurisdiction name as entry element | Gea Consultoría Editorial, |
| Relator term | traductor |
| 765 08 - ORIGINAL LANGUAGE ENTRY | |
| Main entry heading | Guyton, Arthur C., (Clifton), 1919-2003 |
| Title | Textbook of medical physiology |
| Edition | Eleventh edition |
| Place, publisher, and date of publication | [Lugar de publicación no identificado] : Elsevier Inc., ©2006 |
| International Standard Book Number | 0721602401 |
| 942 ## - ADDED ENTRY ELEMENTS (KOHA) | |
| Source of classification or shelving scheme | Dewey Decimal Classification |
| Koha item type | Libro |
| Classification part | 612 |
| Item part | G992 |
| Withdrawn status | Lost status | Source of classification or shelving scheme | Damaged status | Not for loan | Collection code | Home library | Current library | Shelving location | Date acquired | Source of acquisition | Total Checkouts | Total Renewals | Full call number | Barcode | Date last seen | Date last checked out | Price effective from | Koha item type | Copy number | Checked out |
|---|---|---|---|---|---|---|---|---|---|---|---|---|---|---|---|---|---|---|---|---|
| Dewey Decimal Classification | General | Biblioteca Karol Wojtyla | Biblioteca Karol Wojtyla | Sala general | 03/12/2013 | Compra | 32 | 4 | 612 GUY | 74485 | 20/02/2026 | 20/02/2026 | 06/05/2015 | Libro | ||||||
| Descarte | Dewey Decimal Classification | Biblioteca Karol Wojtyla | Biblioteca Karol Wojtyla | 03/12/2013 | Compra | 612 GUY | 79326 | 02/10/2014 | Libro | |||||||||||
| Extraviado | Dewey Decimal Classification | Consulta en sala | General | Biblioteca Karol Wojtyla | Biblioteca Karol Wojtyla | Sala general | 03/12/2013 | Compra | 612 GUY | 74486 | 03/12/2013 | Reserva permanente | ||||||||
| Dewey Decimal Classification | General | Biblioteca Karol Wojtyla | Biblioteca Karol Wojtyla | Sala general | 03/12/2013 | Compra | 17 | 3 | 612 GUY | 79329 | 05/01/2026 | 29/01/2020 | 03/12/2013 | Libro | ||||||
| Dewey Decimal Classification | General | Biblioteca Karol Wojtyla | Biblioteca Karol Wojtyla | Sala general | 03/12/2013 | Compra | 24 | 5 | 612 GUY | 79328 | 05/01/2026 | 21/01/2020 | 15/10/2015 | Libro | ||||||
| Extraviado | Dewey Decimal Classification | Biblioteca Karol Wojtyla | Biblioteca Karol Wojtyla | 27/06/2018 | Compra | 612 GUY | 82423 | 27/06/2018 | Libro | |||||||||||
| Dewey Decimal Classification | General | Biblioteca Karol Wojtyla | Biblioteca Karol Wojtyla | Sala general | 03/12/2013 | Compra | 31 | 2 | 612 GUY | 79327 | 05/01/2026 | 16/01/2024 | 03/12/2013 | Libro | ||||||
| Dewey Decimal Classification | General | Biblioteca Karol Wojtyla | Biblioteca Karol Wojtyla | Sala general | 03/12/2013 | Compra | 58 | 10 | 612 G992 2006 | 76697 | 25/03/2026 | 23/03/2026 | 03/12/2013 | Libro | Ej.4 | |||||
| Dewey Decimal Classification | General | Biblioteca Karol Wojtyla | Biblioteca Karol Wojtyla | Sala general | 03/12/2013 | Compra | 42 | 7 | 612 GUY 2006 | 79288 | 04/05/2026 | 14/04/2026 | 03/12/2013 | Libro | Ej.6 | |||||
| Dewey Decimal Classification | General | Biblioteca Karol Wojtyla | Biblioteca Karol Wojtyla | Sala general | 03/12/2013 | Compra | 19 | 7 | 612 GUY | 83627 | 30/04/2026 | 08/04/2026 | 12/11/2014 | Libro | ||||||
| Dewey Decimal Classification | General | Biblioteca Karol Wojtyla | Biblioteca Karol Wojtyla | Sala general | 03/12/2013 | Compra | 6 | 2 | 612 GUY | 79746 | 04/12/2018 | 04/12/2018 | 22/05/2014 | Libro | 18/12/2018 | |||||
| Dewey Decimal Classification | General | Biblioteca Karol Wojtyla | Biblioteca Karol Wojtyla | Sala general | 03/12/2013 | Compra | 39 | 12 | 612 GUY 2006 | 79885 | 06/04/2026 | 06/04/2026 | 21/04/2017 | Libro | 20/04/2026 | |||||
| Dewey Decimal Classification | General | Biblioteca Karol Wojtyla | Biblioteca Karol Wojtyla | Sala general | 03/12/2013 | Compra | 25 | 7 | 612 GUY | 76696 | 05/01/2026 | 18/11/2025 | 22/05/2014 | Libro | ||||||
| Dewey Decimal Classification | General | Biblioteca Karol Wojtyla | Biblioteca Karol Wojtyla | Sala general | 03/12/2013 | Compra | 21 | 2 | 612 G992 2006 | 83626 | 04/10/2019 | 03/10/2019 | 12/11/2014 | Libro | Ej.18 | 31/10/2019 | ||||
| Dewey Decimal Classification | General | Biblioteca Karol Wojtyla | Biblioteca Karol Wojtyla | Sala general | 03/12/2013 | Compra | 40 | 7 | 612 GUY | 83622 | 05/01/2026 | 08/10/2025 | 03/12/2013 | Libro | ||||||
| Extraviado | Dewey Decimal Classification | Biblioteca Karol Wojtyla | Biblioteca Karol Wojtyla | 27/06/2018 | Compra | 612 GUY | 83623 | 27/06/2018 | Libro | |||||||||||
| Extraviado | Dewey Decimal Classification | Biblioteca Karol Wojtyla | Biblioteca Karol Wojtyla | 27/06/2018 | Compra | 612 GUY | 83625 | 27/06/2018 | Libro | |||||||||||
| Dewey Decimal Classification | General | Biblioteca Karol Wojtyla | Biblioteca Karol Wojtyla | Sala general | 03/12/2013 | Compra | 24 | 4 | 612 G992 2006 | 83624 | 05/01/2026 | 03/10/2019 | 03/12/2013 | Reserva permanente | Ej.2 | |||||
| Dewey Decimal Classification | General | Biblioteca Karol Wojtyla | Biblioteca Karol Wojtyla | Sala general | 03/12/2013 | Compra | 49 | 10 | 612 GUY 2006 | 79287 | 20/02/2026 | 19/08/2025 | 14/07/2017 | Libro | ||||||
| Extraviado | Dewey Decimal Classification | Consulta en sala | General | Biblioteca Karol Wojtyla | Biblioteca Karol Wojtyla | Sala general | 03/12/2013 | Compra | 612 GUY | 75435 | 03/12/2013 | Reserva permanente | ||||||||
| Dewey Decimal Classification | General | Biblioteca Karol Wojtyla | Biblioteca Karol Wojtyla | Sala general | 03/12/2013 | Compra | 49 | 9 | 612 GUY 2006 | 79330 | 23/03/2026 | 09/03/2026 | 06/07/2018 | Libro |